| 000 | 01476nam0a2200361 4500 | ||
|---|---|---|---|
| 001 | RU\NLR\bibl\132730 | ||
| 005 | 20260405194637.0 | ||
| 020 |
_aRU _b98-28839 _9Книжная летопись |
||
| 021 |
_aRU _b98-20082 _9955 |
||
| 035 | _a(NLR Aleph) 000130010 | ||
| 090 |
_a742288 _c742288 |
||
| 100 | _a20000410d1997 |||y0rusy50 ca | ||
| 101 | 0 | _arus | |
| 102 | _aRU | ||
| 105 | _ay ||||||||| | ||
| 200 | 1 |
_aИсследование модуляции ряби длинными поверхностными волнами с помощью оптических методов _fЭ. М. Зуйкова, В. И. Титов |
|
| 210 |
_aН. Новгород _cИПФ _d1997 |
||
| 215 |
_a10,[1] с. _d20 |
||
| 225 | 1 |
_aПрепринт _fРос. акад. наук, Ин-т прикладной физики _vN 457 |
|
| 320 | _aБиблиогр.: с. 11 (7 назв.) | ||
| 610 | 0 | _aВолны поверхностные - оптические исследования | |
| 675 |
_a551.466.34 _v3 _zrus |
||
| 686 |
_a37.25 _2rugasnti |
||
| 686 |
_a26.221 _2rubbk |
||
| 700 | 1 |
_aЗуйкова _gЭмма Михайловна _4070 |
|
| 701 | 1 |
_4070 _8rus _7ca _aТитов _bВ. И. _cканд. физ.-мат. наук _gВиктор Иванович _3RU\NLR\auth\7786363 _969291 |
|
| 801 | 0 |
_aRU _bRKP _c20000410 _gPSBO |
|
| 801 | 1 |
_aRU _bRKP _c20000410 |
|
| 801 | 2 |
_aRU _bNLR _c20100322 _grcr |
|
| 852 |
_aNLR _j2000-4/6028 |
||
| 942 | _cBOOK | ||
| 980 | _aNB | ||